Statistics for Tic-Tac-Toe - Playable Game

Click here to take the quiz!

General Stats

  • This quiz has been taken 133 times
  • The average score is 14 of 18

Answer Stats

Answer % Correct
A1
93%
A5
87%
A9
82%
A7
80%
A2
80%
B4
79%
B3
77%
A3
76%
A6
76%
A8
74%
B2
74%
B6
73%
B5
73%
B8
72%
B9
72%
B7
70%
A4
68%
B1
68%

Score Distribution

Percentile by Number Answered

Percent of People with Each Score

Your Score History

You have not taken this quiz